Fundamentals of travel and tourism (Record no. 28963)

MARC details
000 -LEADER
fixed length control field 00461nam a2200169Ia 4500
008 - FIXED-LENGTH DATA ELEMENTS--GENERAL INFORMATION
fixed length control field 230917s9999||||xx |||||||||||||| ||und||
020 ## - ISBN
Price RS2500
040 ## - CATALOGING SOURCE
-- 251558
Original cataloging agency VIVEKANANDA LIBRARY
041 ## - Language
-- English
082 ## - DDC NUMBER
Classification number 338.4791 D536F
100 ## - MAIN ENTRY--PERSONAL NAME
Personal name Dhar, Prem Nath
245 #0 - TITLE STATEMENT
Title Fundamentals of travel and tourism
260 ## - PUBLICATION, DISTRIBUTION, ETC. (IMPRINT)
Place of publication, distribution, etc New Delhi
Name of publisher, distributor, etc Kanishka Publishers
Date of publication, distribution, etc 2018
300 ## - PHYSICAL DESCRIPTION
Pages x, 478 p.
500 ## - GENERAL NOTE
General note 3323 26/11/2018 UBC18/7535 05/12/2018 IHTM (SFS)
942 ## - ADDED ENTRY ELEMENTS (KOHA)
Koha item type Books
Holdings
Withdrawn status Lost status Damaged status Not for loan Location (home branch) Sublocation or collection (holding branch) Shelving location Date acquired Koha issues (times borrowed) Koha full call number Accession No. Koha date last seen Koha item type
        VIVEKANANDA LIBRARY VIVEKANANDA LIBRARY IHTM Library 21/12/2018   338.4791 D536F 386093 17/09/2023 Books
        VIVEKANANDA LIBRARY VIVEKANANDA LIBRARY IHTM Library 21/12/2018   338.4791 D536F 386094 17/09/2023 Books
© Designed and Maintained by Vivekananda Library, MDU Rohtak